[Event "III Festival Scacchisti.it A"]
[Site "Acqui Terme ITA"]
[Date "2014.07.10"]
[Round "6"]
[White "Albanesi, Roberto"]
[Black "Kambor, Joachim"]
[WhiteElo "1964"]
[BlackElo "2128"]
[Result "1/2-1/2"]
[PlyCount "63"]
[EventDate "2014.07.06"]

1. c4 c5 2. g3 Nf6 3. Bg2 Nc6 4. Nc3 g6 5. Nf3 d5 6. cxd5 Nxd5 7. Nxd5 Qxd5 8.
O-O Bg7 9. d3 O-O 10. Be3 Bd7 11. Nd4 Qd6 12. Nxc6 Bxc6 13. Bxc6 Qxc6 14. Rc1
Qe6 15. Rxc5 Qxa2 16. Rb5 b6 17. Qb3 Qa6 18. Rb4 Rfc8 19. Ra4 Qb7 20. Rc4 Rxc4
21. Qxc4 Qb8 22. Rc1 Qe5 23. Rc2 Rd8 24. Rc3 Qf5 25. Rc1 h5 26. h4 Qe6 27. Qc2
Be5 28. Kg2 Bxg3 29. Kxg3 Qg4+ 30. Kh2 Qxh4+ 31. Kg2 Qg4+ 32. Kh2 1/2-1/2

[Event "III Festival Scacchisti.it A"]
[Site "Acqui Terme ITA"]
[Date "2014.07.10"]
[Round "6"]
[White "Briata, Federico"]
[Black "Yao, Stefano"]
[WhiteElo "1971"]
[BlackElo "2176"]
[Result "1/2-1/2"]
[PlyCount "81"]
[EventDate "2014.07.06"]

1. e4 c5 2. Nf3 e6 3. d4 cxd4 4. Nxd4 Nc6 5. Nc3 a6 6. Be3 Qc7 7. Be2 Nf6 8.
O-O d6 9. f4 Be7 10. Bf3 O-O 11. g4 Nxd4 12. Bxd4 e5 13. fxe5 dxe5 14. Be3 Bc5
15. Bxc5 Qxc5+ 16. Rf2 Be6 17. g5 Rad8 18. Qe2 Bc4 19. Qe1 Ne8 20. b3 Be6 21.
Rd1 Rxd1 22. Nxd1 Nd6 23. Qe3 Qa5 24. c4 Rc8 25. Rd2 Rc6 26. Qc3 Qc5+ 27. Qe3
Qa5 28. Qc3 Qb6+ 29. Kh1 Qc5 30. Qe3 Qxe3 31. Nxe3 Kf8 32. Kg2 Ne8 33. Bg4 Rd6
34. Rxd6 Nxd6 35. Kf3 Ke8 36. h4 b6 37. Bxe6 fxe6 38. Ng4 Nf7 39. Ke3 Kd7 40.
b4 Kc6 41. a3 1/2-1/2

[Event "III Festival Scacchisti.it A"]
[Site "Acqui Terme ITA"]
[Date "2014.07.10"]
[Round "6"]
[White "Caprio, Guido"]
[Black "Laketic, Gojko"]
[WhiteElo "2415"]
[BlackElo "2417"]
[Result "1-0"]
[PlyCount "101"]
[EventDate "2014.07.06"]

1. d4 Nf6 2. c4 c6 3. Nc3 d5 4. e3 e6 5. Nf3 Nbd7 6. Qc2 a6 7. b3 Bd6 8. Be2 e5
9. Bb2 O-O 10. cxd5 cxd5 11. dxe5 Nxe5 12. O-O Qc7 13. h3 Be6 14. Rac1 Rac8 15.
Qb1 Nc6 16. Bd3 Qe7 17. Ne2 h6 18. Qa1 Ba3 19. Bxf6 Qxf6 20. Qxf6 gxf6 21. Rcd1
Nb4 22. Bb1 Rc5 23. Nf4 Ra5 24. Nd4 Re8 25. Nh5 Kf8 26. Nxf6 Rc8 27. f4 Rc3 28.
Nxe6+ fxe6 29. f5 Rxe3 30. Ng4 Re2 31. fxe6+ Ke7 32. Rf7+ Kxe6 33. Rdf1 Bb2 34.
Rxb7 Bd4+ 35. Kh1 Nxa2 36. Nxh6 Nc3 37. Bf5+ Kd6 38. Nf7+ Kc6 39. Nd8+ Kd6 40.
b4 Rf2 41. Re1 Ne2 42. Rd7+ Ke5 43. Bd3 Ra2 44. Re7+ Kf4 45. Ne6+ Kg3 46. Nxd4
Nxd4 47. Rg7+ Kh4 48. Rg4+ Kh5 49. Re5+ Kh6 50. Rg6+ Kh7 51. Rh5# 1-0

[Event "III Festival Scacchisti.it A"]
[Site "Acqui Terme ITA"]
[Date "2014.07.10"]
[Round "6"]
[White "Cebalo, Miso"]
[Black "Altini, Nicola"]
[WhiteElo "2426"]
[BlackElo "2412"]
[Result "1/2-1/2"]
[PlyCount "59"]
[EventDate "2014.07.06"]

1. d4 d5 2. c4 c6 3. Nf3 Nf6 4. Nc3 dxc4 5. a4 Bf5 6. e3 e6 7. Bxc4 Bb4 8. O-O
O-O 9. Qb3 a5 10. Na2 c5 11. Nxb4 cxb4 12. Ne5 Nbd7 13. f3 Nxe5 14. dxe5 Nd7
15. e4 Bg6 16. Be3 Nxe5 17. Bb5 Qe7 18. Rac1 Rfc8 19. Rxc8+ Rxc8 20. Bb6 Nc6
21. Qe3 e5 22. Rc1 Ra8 23. Bxc6 bxc6 24. Rxc6 Qd7 25. Qc1 h6 26. h3 Kh7 27. Be3
Qd3 28. Rc5 Qb3 29. Rxe5 Rd8 30. Rd5 1/2-1/2

[Event "III Festival Scacchisti.it A"]
[Site "Acqui Terme ITA"]
[Date "2014.07.10"]
[Round "6"]
[White "De Santis, Alessio"]
[Black "Damia, Angelo"]
[WhiteElo "2263"]
[BlackElo "2205"]
[Result "1-0"]
[PlyCount "37"]
[EventDate "2014.07.06"]

1. d4 Nf6 2. c4 g6 3. Nc3 d5 4. cxd5 Nxd5 5. e4 Nxc3 6. bxc3 Bg7 7. Bc4 c5 8.
Ne2 O-O 9. Be3 cxd4 10. cxd4 Qa5+ 11. Kf1 Nc6 12. Rc1 Qh5 13. f3 Bh6 14. Qd2
Bxe3 15. Qxe3 Bd7 16. h4 Na5 17. Bd5 e5 18. Ng3 exd4 19. Qf4 1-0

[Event "III Festival Scacchisti.it A"]
[Site "Acqui Terme ITA"]
[Date "2014.07.10"]
[Round "6"]
[White "Di Paolo, Raffaele"]
[Black "Bisi, Samuele"]
[WhiteElo "2259"]
[BlackElo "2099"]
[Result "0-1"]
[PlyCount "144"]
[EventDate "2014.07.06"]

1. e4 c5 2. Nf3 e6 3. d4 cxd4 4. Nxd4 Nc6 5. Nc3 Qc7 6. Be3 a6 7. Be2 Nf6 8.
O-O Bb4 9. Na4 Be7 10. Nxc6 bxc6 11. Nb6 Rb8 12. Nxc8 Qxc8 13. Bd4 Qc7 14. e5
Nd5 15. c4 Nf4 16. g3 c5 17. Bc3 Nh3+ 18. Kg2 Ng5 19. Bf3 h5 20. h4 Nxf3 21.
Qxf3 Qb7 22. Rad1 Qxf3+ 23. Kxf3 f6 24. Ke2 Rb6 25. Rd3 fxe5 26. Bxe5 Bf6 27.
Bxf6 gxf6 28. b3 Ke7 29. Rfd1 d6 30. Re3 a5 31. Kd2 f5 32. Kc3 Rf8 33. f4 Kd7
34. Rde1 Re8 35. R3e2 Rb7 36. a3 Reb8 37. Rb1 Rg8 38. Re3 Rgb8 39. Rd3 Kc7 40.
Kc2 a4 41. Re3 Kd7 42. Rd3 Rxb3 43. Rdxb3 Rxb3 44. Rxb3 axb3+ 45. Kxb3 Kc6 46.
Kc2 Kb6 47. Kc3 d5 48. cxd5 exd5 49. Kd2 c4 50. a4 d4 51. g4 hxg4 52. h5 g3 53.
h6 g2 54. h7 g1=Q 55. h8=Q Qe3+ 56. Kd1 Qg1+ 57. Kd2 Qf2+ 58. Kd1 Qf1+ 59. Kc2
d3+ 60. Kb2 Qe2+ 61. Ka3 Qe7+ 62. Ka2 Qc5 63. Qd8+ Ka6 64. Qa8+ Kb6 65. Qd8+
Kc6 66. Qc8+ Kd6 67. Qf8+ Kc6 68. Qc8+ Kd5 69. Qxf5+ Kd4 70. Qg4 Kc3 71. Qg7+
Qd4 72. Qb7 d2 0-1

[Event "III Festival Scacchisti.it A"]
[Site "Acqui Terme ITA"]
[Date "2014.07.10"]
[Round "6"]
[White "Lazic, Miroljub"]
[Black "Aghayev, Miragha"]
[WhiteElo "2466"]
[BlackElo "2364"]
[Result "1-0"]
[PlyCount "69"]
[EventDate "2014.07.06"]

1. g3 c5 2. Bg2 d5 3. Nf3 Nc6 4. O-O Nf6 5. d3 g6 6. Nbd2 Bg7 7. e4 O-O 8. Re1
e5 9. exd5 Nxd5 10. Nc4 f6 11. c3 Nc7 12. Be3 Ne6 13. Qb3 Rf7 14. Rad1 Rb8 15.
a4 Kh8 16. Nh4 Qc7 17. Bc1 Rf8 18. Ne3 Ne7 19. Nd5 Nxd5 20. Bxd5 Qd6 21. d4 Nc7
22. Bg2 Bg4 23. Bf3 Be6 24. Qc2 cxd4 25. cxd4 Nd5 26. dxe5 fxe5 27. Bg5 Qb4 28.
Re4 Qa5 29. Nxg6+ hxg6 30. Rh4+ Kg8 31. Qxg6 Nf6 32. Be4 Bf7 33. Qf5 Bb3 34.
Rd7 Nxd7 35. Rh8+ 1-0

[Event "III Festival Scacchisti.it A"]
[Site "Acqui Terme ITA"]
[Date "2014.07.10"]
[Round "6"]
[White "Pepino, Enrico"]
[Black "Astengo, Marcello"]
[WhiteElo "2200"]
[BlackElo "2081"]
[Result "1-0"]
[PlyCount "47"]
[EventDate "2014.07.06"]

1. e4 e6 2. d4 d5 3. Nd2 Nf6 4. e5 Ng8 5. Bd3 c5 6. c3 Nc6 7. Ngf3 b6 8. a3 a5
9. Qe2 Nge7 10. O-O Nf5 11. dxc5 bxc5 12. Re1 Be7 13. a4 O-O 14. Nf1 Qb6 15.
Qc2 g6 16. Bg5 Rb8 17. Bxf5 exf5 18. Rab1 Re8 19. Qd2 Be6 20. Bxe7 Rxe7 21. Qh6
Reb7 22. Ng5 Nxe5 23. Qxh7+ Kf8 24. Rxe5 1-0

[Event "III Festival Scacchisti.it A"]
[Site "Acqui Terme ITA"]
[Date "2014.07.10"]
[Round "6"]
[White "Sergeev, Vladimir"]
[Black "Del Rio Angelis, Salvador Gabriel"]
[WhiteElo "2447"]
[BlackElo "2520"]
[Result "1/2-1/2"]
[PlyCount "65"]
[EventDate "2014.07.06"]

1. Nf3 e6 2. g3 Nf6 3. Bg2 d5 4. O-O Be7 5. c4 O-O 6. b3 c5 7. Bb2 Nc6 8. e3
dxc4 9. bxc4 Qb6 10. Qc1 Rd8 11. Ne5 Nxe5 12. Bxe5 Bd7 13. Na3 Bc6 14. Rb1 Qa6
15. Bxc6 Qxc6 16. f3 Nd7 17. Bc3 Bf6 18. Rf2 Bxc3 19. Qxc3 a6 20. Rb3 b5 21.
cxb5 axb5 22. Nxb5 Rxa2 23. Na3 Nf6 24. d4 Rxf2 25. Kxf2 Nd7 26. Qc4 Qa8 27.
Nc2 h6 28. Ra3 Qb7 29. Rb3 Qa7 30. Ra3 Qb6 31. Rb3 Qa5 32. Qc3 Qxc3 33. Rxc3
1/2-1/2

[Event "III Festival Scacchisti.it A"]
[Site "Acqui Terme ITA"]
[Date "2014.07.11"]
[Round "7"]
[White "Aghayev, Miragha"]
[Black "Briata, Federico"]
[WhiteElo "2364"]
[BlackElo "1971"]
[Result "1/2-1/2"]
[PlyCount "63"]
[EventDate "2014.07.06"]

1. d4 Nf6 2. Nf3 e6 3. c4 d5 4. g3 dxc4 5. Bg2 a6 6. Ne5 c5 7. Na3 Nbd7 8. O-O
cxd4 9. Naxc4 Bc5 10. b4 Nxe5 11. Nxe5 Be7 12. Bb2 O-O 13. a3 Nd7 14. Nxd7 Bxd7
15. Bxb7 Rb8 16. Bxa6 e5 17. e4 f5 18. exf5 Bxf5 19. Bd3 g6 20. Bxf5 Rxf5 21.
Qb3+ Kg7 22. f4 exf4 23. Rad1 Bf6 24. g4 Rd5 25. Rxf4 Qd6 26. Qf3 Be5 27. Rf7+
Kg8 28. Kg2 Re8 29. Rf1 d3 30. Bxe5 Rdxe5 31. Kh1 Re2 32. Qh3 1/2-1/2

[Event "III Festival Scacchisti.it A"]
[Site "Acqui Terme ITA"]
[Date "2014.07.11"]
[Round "7"]
[White "Altini, Nicola"]
[Black "Sergeev, Vladimir"]
[WhiteElo "2412"]
[BlackElo "2447"]
[Result "0-1"]
[PlyCount "156"]
[EventDate "2014.07.06"]

1. d4 d6 2. Nf3 g6 3. c4 Bg7 4. Nc3 Nf6 5. e4 Bg4 6. Be2 O-O 7. Be3 Nfd7 8. Rc1
a6 9. b4 a5 10. b5 e5 11. d5 f5 12. O-O f4 13. Bd2 Nc5 14. Ne1 Bxe2 15. Qxe2
Nbd7 16. f3 Bf6 17. Nd3 Bh4 18. Nxc5 Nxc5 19. b6 cxb6 20. Rb1 Rf7 21. Bc1 Qc7
22. Nb5 Qd7 23. Ba3 Re8 24. Nc3 Bd8 25. Bxc5 bxc5 26. Rb3 Ree7 27. Rfb1 Qe8 28.
Qb2 h5 29. Nb5 Rd7 30. Na7 g5 31. Qe2 Rg7 32. Nc8 g4 33. Kh1 Kh8 34. Ra3 Rg6
35. Nb6 Bxb6 36. Rxb6 Qd8 37. Rb1 Rdg7 38. Rab3 Qg5 39. R1b2 Qh4 40. Rb1 gxf3
41. Rxf3 Qg4 42. Rb2 Kg8 43. Ra3 Qh4 44. Qf1 Rg3 45. Rf3 Rxf3 46. gxf3 a4 47.
Rb6 Qd8 48. Rb5 Qd7 49. Rb6 Kf8 50. a3 Ke8 51. Qf2 Kd8 52. Qh4+ Kc7 53. Rb1 Qf7
54. Qe1 b6 55. Qf2 Qg6 56. Qb2 Kc8 57. Qf2 Kc7 58. Qb2 b5 59. Qd2 b4 60. axb4
cxb4 61. Qf2 b3 62. c5 dxc5 63. Qxc5+ Kd8 64. Qa5+ Ke7 65. d6+ Kf6 66. Qd2 Qe8
67. Qf2 Ke6 68. Qh4 Qg6 69. Qh3+ Kxd6 70. Rd1+ Kc7 71. Rc1+ Kb6 72. Qf1 Qg2+
73. Qxg2 Rxg2 74. Kxg2 b2 75. Rb1 a3 76. Kh3 Kc5 77. Kh4 Kc4 78. Kxh5 Kc3 0-1

[Event "III Festival Scacchisti.it A"]
[Site "Acqui Terme ITA"]
[Date "2014.07.11"]
[Round "7"]
[White "Bisi, Samuele"]
[Black "Cebalo, Miso"]
[WhiteElo "2099"]
[BlackElo "2426"]
[Result "1-0"]
[PlyCount "91"]
[EventDate "2014.07.06"]

1. d4 Nf6 2. c4 e6 3. Nf3 c5 4. d5 d6 5. Nc3 exd5 6. cxd5 g6 7. e4 a6 8. a4 Bg4
9. Be2 Bxf3 10. Bxf3 Nbd7 11. O-O Bg7 12. Bf4 Qe7 13. Re1 O-O 14. Qd2 Rfe8 15.
a5 h5 16. Be2 Nh7 17. Rab1 Rac8 18. f3 Bd4+ 19. Be3 Bxe3+ 20. Qxe3 f5 21. Qh6
Qg7 22. Qxg7+ Kxg7 23. exf5 gxf5 24. Bd3 Kf6 25. Re6+ Rxe6 26. dxe6 Ne5 27.
Nd5+ Kxe6 28. Bxf5+ Kxf5 29. Ne7+ Ke6 30. Nxc8 Nf6 31. Nb6 Nc6 32. Re1+ Kf7 33.
Nc4 Ne8 34. Rxe8 Kxe8 35. Nxd6+ Ke7 36. Nxb7 c4 37. Kf2 Ke6 38. Nc5+ Kd5 39.
Nxa6 Kd4 40. g4 hxg4 41. fxg4 Nxa5 42. Kf3 Nc6 43. Kf4 Ne5 44. Kf5 Nd3 45. g5
Nxb2 46. g6 1-0

[Event "III Festival Scacchisti.it A"]
[Site "Acqui Terme ITA"]
[Date "2014.07.11"]
[Round "7"]
[White "Damia, Angelo"]
[Black "Kambor, Joachim"]
[WhiteElo "2205"]
[BlackElo "2128"]
[Result "1-0"]
[PlyCount "145"]
[EventDate "2014.07.06"]

1. e4 e6 2. d4 d5 3. Nc3 Nf6 4. e5 Nfd7 5. Qh5 c5 6. Nf3 g6 7. Qg4 cxd4 8. Nxd4
Nxe5 9. Qg3 Bg7 10. Bf4 Nbc6 11. Nxc6 Nxc6 12. Bc7 Qf6 13. Bd6 Ne7 14. Bb5+ Bd7
15. Bxd7+ Kxd7 16. Bxe7 Qxe7 17. O-O-O Bxc3 18. Qxc3 Rac8 19. Qb3 Kc7 20. Qe3
Rhd8 21. Qf4+ e5 22. Rhe1 f6 23. Qf3 Qd6 24. Qh3 Rd7 25. f4 Re7 26. fxe5 fxe5
27. Qh4 Rce8 28. Rd2 Qe6 29. Red1 Rd7 30. Qa4 Ra8 31. Qa5+ b6 32. Qa6 Qc6 33.
Rd3 d4 34. c3 Rd5 35. Rf3 Rad8 36. Rf7+ R5d7 37. Qxa7+ Qb7 38. Rxd7+ Rxd7 39.
Qxb7+ Kxb7 40. cxd4 exd4 41. Rf1 Kc6 42. Kd2 Kd5 43. Rf2 b5 44. Rf6 Kc5 45. Re6
Ra7 46. Re5+ Kc4 47. a3 Rf7 48. b3+ Kxb3 49. Rxb5+ Kc4 50. Rb4+ Kc5 51. Kd3 Rf2
52. Rc4+ Kb5 53. Rc2 Rf7 54. Rc4 Rf2 55. a4+ Ka5 56. Rc2 Rf4 57. g3 Rf7 58.
Kxd4 Kxa4 59. Ke5 Kb5 60. Ke6 Rf1 61. Rc7 h5 62. Rg7 h4 63. Rxg6 Rf2 64. gxh4
Rxh2 65. Rg5+ Kc6 66. h5 Kc7 67. Kf7 Kd6 68. Kg7 Ke6 69. h6 Ra2 70. h7 Ra7+ 71.
Kh6 Ra8 72. Rg8 Ra6 73. Rg6+ 1-0

[Event "III Festival Scacchisti.it A"]
[Site "Acqui Terme ITA"]
[Date "2014.07.11"]
[Round "7"]
[White "Del Rio Angelis, Salvador Gabriel"]
[Black "Caprio, Guido"]
[WhiteElo "2520"]
[BlackElo "2415"]
[Result "1-0"]
[PlyCount "109"]
[EventDate "2014.07.06"]

1. d4 Nf6 2. c4 e6 3. Nc3 d5 4. Bg5 Nbd7 5. e3 Be7 6. Nf3 O-O 7. Bd3 dxc4 8.
Bxc4 h6 9. Bh4 a6 10. a4 c5 11. O-O cxd4 12. exd4 Nb6 13. Bb3 Nbd5 14. Ne5 Bd7
15. Qd2 Nxc3 16. bxc3 Ne4 17. Qd3 Bxh4 18. Qxe4 Bf6 19. Bc2 g6 20. Qxb7 Bxe5
21. dxe5 Rc8 22. Rfd1 Bc6 23. Rxd8 Bxb7 24. Rd7 Bd5 25. Bd3 a5 26. Rc1 Rc5 27.
Bb5 Rfc8 28. Ra7 Rxc3 29. Rxc3 Rxc3 30. f3 g5 31. Be8 g4 32. Bxf7+ Kh8 33. fxg4
Rc1+ 34. Kf2 Rc2+ 35. Kg3 Rxg2+ 36. Kh3 Rf2 37. Bg6 Re2 38. Rxa5 Rxe5 39. Ra7
Re3+ 40. Kh4 Bg2 41. g5 Rh3+ 42. Kg4 hxg5 43. Kxg5 Rxh2 44. Rc7 Bd5 45. a5 Ra2
46. Kh6 Rh2+ 47. Bh5 e5 48. a6 Ra2 49. a7 Ra6+ 50. Bg6 Bg8 51. Kg5 Bd5 52. Bd3
Ra3 53. Kg6 e4 54. Rc8+ Bg8 55. Bc4 1-0

[Event "III Festival Scacchisti.it A"]
[Site "Acqui Terme ITA"]
[Date "2014.07.11"]
[Round "7"]
[White "Kradolfer, Georg"]
[Black "Di Paolo, Raffaele"]
[WhiteElo "2114"]
[BlackElo "2259"]
[Result "0-1"]
[PlyCount "70"]
[EventDate "2014.07.06"]

1. c4 e6 2. Nc3 d5 3. d4 Nf6 4. e3 c6 5. Nf3 Nbd7 6. Bd3 Bd6 7. O-O O-O 8. e4
dxc4 9. Bxc4 e5 10. Bg5 h6 11. Bh4 b5 12. Bd3 Bb7 13. Rc1 Qe7 14. Re1 Rfd8 15.
Qe2 a6 16. Bb1 Rac8 17. Kh1 c5 18. dxe5 Nxe5 19. Nd5 Bxd5 20. exd5 Re8 21. Qc2
g5 22. Nxe5 Bxe5 23. f4 gxf4 24. Qf5 Kg7 25. Bxf6+ Qxf6 26. Rxe5 Qxe5 27. Qh7+
Kf8 28. Qxh6+ Ke7 29. Qxa6 Rcd8 30. Qa7+ Kf6 31. h3 Rxd5 32. Qa6+ Qd6 33. Qxb5
Rd1+ 34. Rxd1 Qxd1+ 35. Kh2 Re1 0-1

[Event "III Festival Scacchisti.it A"]
[Site "Acqui Terme ITA"]
[Date "2014.07.11"]
[Round "7"]
[White "Laketic, Gojko"]
[Black "Pepino, Enrico"]
[WhiteElo "2417"]
[BlackElo "2200"]
[Result "1-0"]
[PlyCount "67"]
[EventDate "2014.07.06"]

1. d4 d6 2. Nf3 g6 3. c4 Nf6 4. Nc3 Bg7 5. e4 O-O 6. Be2 e5 7. d5 a5 8. Bg5 h6
9. Bh4 Qe8 10. Nd2 Na6 11. a3 Bd7 12. b3 Nh7 13. Rb1 h5 14. f3 Bh6 15. Bf2 Qe7
16. h4 Nc5 17. Qc2 f5 18. b4 axb4 19. axb4 Na4 20. Nd1 c6 21. Ne3 Bxe3 22. Bxe3
cxd5 23. exd5 Rfc8 24. Bf2 Nf6 25. Qb3 e4 26. O-O Nxd5 27. fxe4 Ndc3 28. Rbe1
fxe4 29. Bd4 Nxe2+ 30. Rxe2 Bf5 31. Qg3 Kh7 32. Nxe4 Bxe4 33. Rxe4 Qd7 34. Rf6
1-0

[Event "III Festival Scacchisti.it A"]
[Site "Acqui Terme ITA"]
[Date "2014.07.11"]
[Round "7"]
[White "Yao, Stefano"]
[Black "Albanesi, Roberto"]
[WhiteElo "2176"]
[BlackElo "1964"]
[Result "1-0"]
[PlyCount "55"]
[EventDate "2014.07.06"]

1. d4 d5 2. Nf3 Nf6 3. c4 c6 4. Nc3 e6 5. e3 Nbd7 6. Qc2 dxc4 7. Bxc4 Bd6 8.
O-O O-O 9. Rd1 Qe7 10. e4 e5 11. h3 h6 12. Be3 exd4 13. Nxd4 Nc5 14. f3 Be5 15.
Qf2 Qc7 16. Nde2 Ne6 17. f4 Bxc3 18. Nxc3 b5 19. Bd3 b4 20. e5 Nd5 21. Nxd5
cxd5 22. Rac1 Qb7 23. f5 Ng5 24. f6 Re8 25. h4 Ne4 26. Bxe4 dxe4 27. Qg3 g6 28.
Qf4 1-0

[Event "III Festival Scacchisti.it A"]
[Site "Acqui Terme ITA"]
[Date "2014.07.12"]
[Round "8"]
[White "Caprio, Guido"]
[Black "Damia, Angelo"]
[WhiteElo "2415"]
[BlackElo "2205"]
[Result "1-0"]
[PlyCount "50"]
[EventDate "2014.07.06"]

1. c4 Nf6 2. Nf3 Na6 3. Nc3 g6 4. d4 c5 5. d5 d6 6. e4 Bg7 7. Be2 O-O 8. O-O
Nc7 9. Bf4 Rb8 10. h3 b5 11. cxb5 a6 12. a4 Bd7 13. e5 Nfe8 14. bxa6 Rb4 15.
Qd2 Qa8 16. Bb5 Bc8 17. Bc6 Qxa6 18. Nb5 Nxb5 19. axb5 Qb6 20. Rfe1 dxe5 21.
Bxe5 Nf6 22. d6 exd6 23. Bxd6 Rxb5 24. Bxb5 Qxb5 25. Bxf8 Bxf8 1-0

[Event "III Festival Scacchisti.it A"]
[Site "Acqui Terme ITA"]
[Date "2014.07.12"]
[Round "8"]
[White "Cebalo, Miso"]
[Black "Briata, Federico"]
[WhiteElo "2426"]
[BlackElo "1971"]
[Result "1-0"]
[PlyCount "127"]
[EventDate "2014.07.06"]

1. d4 Nf6 2. Bg5 Ne4 3. Bf4 c5 4. d5 e6 5. f3 Nf6 6. e4 Qb6 7. Bc1 exd5 8. exd5
d6 9. Nc3 Be7 10. Bb5+ Bd7 11. a4 O-O 12. Nge2 a6 13. a5 Qc7 14. Bc4 Bf5 15.
Ng3 Bg6 16. f4 h6 17. f5 Bh7 18. O-O Nbd7 19. Bf4 Rfe8 20. Qd2 Bf8 21. h3 Ne5
22. Be2 Nfd7 23. b3 c4 24. b4 b5 25. Be3 Be7 26. Nge4 Nf6 27. Bd4 Ned7 28. Ng3
Bf8 29. Rae1 Qb7 30. Bf3 Rxe1 31. Rxe1 Re8 32. Rxe8 Nxe8 33. Qe3 Nef6 34. Qf4
Qb8 35. Nge2 Qd8 36. g4 Ne8 37. Ng3 Qg5 38. Qxg5 hxg5 39. Nge4 Be7 40. Kf2 g6
41. f6 Ndxf6 42. Nxg5 Nd7 43. h4 Nc7 44. Ke3 Bxg5+ 45. hxg5 Kf8 46. Ne2 Ke7 47.
Bc3 f6 48. Nd4 fxg5 49. Nc6+ Kf8 50. Kd4 Bg8 51. Be1 Nf6 52. Bg3 Nfe8 53. c3
Kf7 54. Be4 Kf8 55. Na7 Ke7 56. Bxg6 Nxd5 57. Nc8+ Kd8 58. Nxd6 Nxd6 59. Bxd6
Kd7 60. Be5 Be6 61. Be4 Ne7 62. Bf6 Bxg4 63. Bxg5 Nc8 64. Kc5 1-0

[Event "III Festival Scacchisti.it A"]
[Site "Acqui Terme ITA"]
[Date "2014.07.12"]
[Round "8"]
[White "De Santis, Alessio"]
[Black "Altini, Nicola"]
[WhiteElo "2263"]
[BlackElo "2412"]
[Result "0-1"]
[PlyCount "114"]
[EventDate "2014.07.06"]

1. Nf3 d5 2. b3 Bg4 3. Bb2 Nd7 4. g3 Ngf6 5. Bg2 e6 6. c4 c6 7. h3 Bh5 8. O-O
Bd6 9. d4 Ne4 10. Nbd2 f5 11. Nxe4 fxe4 12. Ne5 O-O 13. Nxd7 Qxd7 14. Qd2 Rf6
15. a4 Qe7 16. a5 a6 17. Bc3 Raf8 18. Ra4 Be8 19. Bb4 c5 20. dxc5 Bxc5 21. Bxc5
Qxc5 22. b4 Qxc4 23. Ra3 Bb5 24. Re3 Qc7 25. Qd4 Bc6 26. Rc3 Qd6 27. Rc5 e5 28.
Qe3 d4 29. Qg5 Rf5 30. Qg4 Qf6 31. Rxc6 bxc6 32. Qxe4 Rxf2 33. Rc1 Qg5 34. Qxc6
Qxg3 35. Kh1 Kh8 36. Qe4 Qa3 37. Rg1 Qxb4 38. Qxe5 R2f5 39. Qc7 Qxa5 40. Qd7
Qe5 41. Bf3 Qf6 42. Rg3 a5 43. Bg2 Qe5 44. Rf3 Rxf3 45. Bxf3 Qf4 46. Kg2 g6 47.
Qc6 Kg7 48. Qd5 Rf5 49. Qb7+ Kh6 50. Qb3 Qe3 51. Qc4 d3 52. Qh4+ Kg7 53. Bg4
Qe4+ 54. Kh2 Qf4+ 55. Qg3 Qxg3+ 56. Kxg3 d2 57. e4 Rg5 0-1

[Event "III Festival Scacchisti.it A"]
[Site "Acqui Terme ITA"]
[Date "2014.07.12"]
[Round "8"]
[White "Di Paolo, Raffaele"]
[Black "Movileanu, Daniela"]
[WhiteElo "2259"]
[BlackElo "2087"]
[Result "1-0"]
[PlyCount "115"]
[EventDate "2014.07.06"]

1. e4 c5 2. Nf3 d6 3. d4 Nf6 4. Nc3 cxd4 5. Nxd4 a6 6. Be3 e6 7. Be2 Be7 8. O-O
O-O 9. f4 Nc6 10. Kh1 Bd7 11. Qe1 Nxd4 12. Bxd4 Bc6 13. Bf3 Qc7 14. Qg3 Kh8 15.
Rad1 Ne8 16. e5 f5 17. Bh5 Rd8 18. Bxe8 Rfxe8 19. Qxg7+ Kxg7 20. exd6+ Bf6 21.
Bxf6+ Kxf6 22. dxc7 Rc8 23. Rd3 Rxc7 24. Kg1 b5 25. a3 a5 26. Rd4 Rg8 27. Rf2
h5 28. Nd1 h4 29. Ne3 Rcg7 30. Kf1 Be4 31. Rfd2 Rb8 32. Rd8 Rgb7 33. Rxb8 Rxb8
34. Kf2 b4 35. Nc4 bxa3 36. bxa3 Bd5 37. Ne5 Rb2 38. Ke3 Ra2 39. c4 Rxa3+ 40.
Kf2 Ra4 41. cxd5 Rxf4+ 42. Nf3 exd5 43. Rxd5 Ra4 44. Nd4 Ra2+ 45. Kf3 h3 46.
Rxf5+ Kg6 47. gxh3 Rxh2 48. Kg3 Rd2 49. Rf4 a4 50. Nb5 Ra2 51. Rf3 Rb2 52. Na3
Rb3 53. Nc4 Rxf3+ 54. Kxf3 Kg5 55. Kg3 Kh5 56. h4 Kg6 57. Kg4 Kh6 58. h5 1-0

[Event "III Festival Scacchisti.it A"]
[Site "Acqui Terme ITA"]
[Date "2014.07.12"]
[Round "8"]
[White "Distaso, Antonio"]
[Black "Santeramo, Alessia Carmen"]
[WhiteElo "2132"]
[BlackElo "1948"]
[Result "1/2-1/2"]
[PlyCount "39"]
[EventDate "2014.07.06"]

1. c4 Nf6 2. Nc3 c5 3. Nf3 e6 4. g3 b6 5. Bg2 Bb7 6. O-O a6 7. Re1 Qc7 8. e4 d6
9. b3 Be7 10. Bb2 O-O 11. d4 cxd4 12. Nxd4 Rd8 13. Rc1 Nbd7 14. Nd5 exd5 15.
cxd5 Qb8 16. Nc6 Bxc6 17. dxc6 Nc5 18. b4 Ne6 19. Qc2 Nc7 20. a4 1/2-1/2

[Event "III Festival Scacchisti.it A"]
[Site "Acqui Terme ITA"]
[Date "2014.07.12"]
[Round "8"]
[White "Pepino, Enrico"]
[Black "Aghayev, Miragha"]
[WhiteElo "2200"]
[BlackElo "2364"]
[Result "0-1"]
[PlyCount "78"]
[EventDate "2014.07.06"]

1. e4 c5 2. Nf3 d6 3. d4 Nf6 4. Nc3 cxd4 5. Nxd4 a6 6. g3 e5 7. Nb3 Be6 8. Bg2
Nbd7 9. O-O Be7 10. h3 O-O 11. Re1 Nb6 12. Nd2 Qd7 13. Kh2 Rfd8 14. Nf3 h6 15.
b3 Qc7 16. Bb2 Rac8 17. Qe2 Qc5 18. Rad1 Qa5 19. Qe3 d5 20. Nxd5 Nbxd5 21. exd5
Nxd5 22. Qe2 Qxa2 23. c4 Nb4 24. Nxe5 Qxb3 25. Rxd8+ Rxd8 26. Nxf7 Bxf7 27.
Qxe7 Re8 28. Qxe8+ Bxe8 29. Rxe8+ Kf7 30. Re2 Qxc4 31. Re4 Qb3 32. Rf4+ Kg8 33.
Bd4 Nc6 34. Bc5 Qe6 35. h4 g5 36. hxg5 hxg5 37. Re4 Qf5 38. Be3 Ne5 39. Kh1 Nf3
0-1

[Event "III Festival Scacchisti.it A"]
[Site "Acqui Terme ITA"]
[Date "2014.07.12"]
[Round "8"]
[White "Sergeev, Vladimir"]
[Black "Bisi, Samuele"]
[WhiteElo "2447"]
[BlackElo "2099"]
[Result "1-0"]
[PlyCount "59"]
[EventDate "2014.07.06"]

1. c4 Nf6 2. Nf3 c5 3. Nc3 Nc6 4. g3 d5 5. cxd5 Nxd5 6. Bg2 Nc7 7. Qa4 Bd7 8.
Qe4 g6 9. Ne5 f5 10. Qe3 Nd4 11. Qd3 Be6 12. Bxb7 Bg7 13. Nc6 Qd6 14. Nxd4 cxd4
15. Nb5 Nxb5 16. Bxa8 O-O 17. Bg2 Nc7 18. O-O f4 19. a3 Bf5 20. Qc4+ Be6 21.
Qb4 Qe5 22. d3 Nd5 23. Qa5 fxg3 24. hxg3 Rf5 25. e4 dxe3 26. Bxe3 Qxb2 27. Rab1
Nxe3 28. Rxb2 Rxa5 29. Rb8+ Kf7 30. fxe3+ 1-0

[Event "III Festival Scacchisti.it A"]
[Site "Acqui Terme ITA"]
[Date "2014.07.12"]
[Round "8"]
[White "Yao, Stefano"]
[Black "Efimov, Igor"]
[WhiteElo "2176"]
[BlackElo "2406"]
[Result "0-1"]
[PlyCount "94"]
[EventDate "2014.07.06"]

1. Nf3 Nf6 2. c4 d6 3. d4 Nbd7 4. g3 e5 5. Bg2 Be7 6. O-O O-O 7. Nc3 c6 8. e4
a6 9. a4 a5 10. h3 Re8 11. Be3 exd4 12. Nxd4 Bf8 13. Qc2 Nc5 14. Rfe1 Qc7 15.
Rad1 g6 16. f4 Bd7 17. Bf2 Rad8 18. Nb3 Na6 19. Bd4 Nh5 20. Kh2 Be6 21. Qf2 Nc5
22. Nxc5 dxc5 23. Bxc5 Bxc5 24. Qxc5 b6 25. Qf2 Bxc4 26. e5 Bb3 27. Rxd8 Rxd8
28. g4 Ng7 29. Re2 Ne6 30. Ne4 h6 31. Nf6+ Kg7 32. Rd2 Bxa4 33. Rd6 Qe7 34. Ne4
Qc7 35. f5 Ng5 36. Qd4 c5 37. Qxa4 Nxe4 38. Rxd8 Qxe5+ 39. Kg1 Nf6 40. Rd2 Qe1+
41. Bf1 Qxd2 42. fxg6 Kxg6 43. Qb3 Qd4+ 44. Kh2 Qb4 45. Qc2+ Kg7 46. b3 b5 47.
Qd3 a4 0-1

[Event "III Festival Scacchisti.it A"]
[Site "Acqui Terme ITA"]
[Date "2014.07.13"]
[Round "9"]
[White "Aghayev, Miragha"]
[Black "Di Paolo, Raffaele"]
[WhiteElo "2364"]
[BlackElo "2259"]
[Result "1-0"]
[PlyCount "79"]
[EventDate "2014.07.06"]

1. Nf3 e6 2. g3 d5 3. Bg2 Nf6 4. d4 Be7 5. c4 O-O 6. O-O dxc4 7. Ne5 Nc6 8.
Nxc6 bxc6 9. Bxc6 Rb8 10. Bg2 c5 11. Na3 Ba6 12. Qa4 Qc8 13. Be3 Nd5 14. Bxd5
exd5 15. Rab1 c3 16. Rfe1 Rxb2 17. Rxb2 cxb2 18. dxc5 Bf6 19. Bd4 Qf5 20. Bxb2
Bxb2 21. Qxa6 Bd4 22. e3 Bxc5 23. Nb5 h5 24. Qa4 Rb8 25. Rc1 Bb6 26. h4 Bxe3
27. fxe3 Qf3 28. Rc3 Qxg3+ 29. Kf1 Rb6 30. Rc8+ Kh7 31. Qc2+ g6 32. Qc3 d4 33.
Nxd4 Rf6+ 34. Ke2 Qg2+ 35. Kd3 Qf1+ 36. Kc2 Qg2+ 37. Kd3 Qf1+ 38. Ke4 Qh1+ 39.
Ke5 Qxh4 40. Kd5 1-0